| 000 | 01531cam a2200385 a 4500 | ||
|---|---|---|---|
| 001 | 4048289 | ||
| 003 | Ost | ||
| 005 | 20250905012254.0 | ||
| 008 | 990303s1999 mou 000 0 eng | ||
| 010 | _a 99021530 | ||
| 020 |
_a0740700219 _qpbk. |
||
| 020 |
_a9780740700217 _q(pbk.) |
||
| 035 | _a4048289 | ||
| 040 |
_aDLC _cDLC _dDLC |
||
| 050 | 0 | 0 |
_aPN6231.F748 _bB57 1999 |
| 082 | 0 | 0 |
_a818/.5402 _221 |
| 100 | 1 | _aBirnbach, Lisa. | |
| 245 | 1 | 0 |
_a1,003 great things about friends / _cLisa Birnbach, Ann Hodgman, Patricia Marx. |
| 246 | 3 | _aOne thousand three great things about friends | |
| 260 |
_aKansas City : _bAndrews McMeel Pub., _cc1999. |
||
| 300 |
_a314 p. ; _c16 cm. |
||
| 336 |
_atext _btxt _2rdacontent |
||
| 337 |
_aunmediated _bn _2rdamedia |
||
| 338 |
_avolume _bnc _2rdacarrier |
||
| 650 | 0 |
_aFriendship _vHumor. |
|
| 655 | 7 |
_aHumor. _2lcgft _0https://id.loc.gov/authorities/genreForms/gf2014026110 |
|
| 700 | 1 | _aHodgman, Ann. | |
| 700 | 1 |
_aMarx, Patricia _q(Patricia A.) |
|
| 856 | 4 | 2 |
_3Contributor biographical information _uhttp://www.loc.gov/catdir/bios/simon053/99021530.html |
| 856 | 4 | 2 |
_3Publisher description _uhttp://www.loc.gov/catdir/description/simon053/99021530.html |
| 906 |
_a7 _bcbc _corignew _d1 _eocip _f19 _gy-gencatlg |
||
| 942 | _cBK | ||
| 999 |
_c31117 _d31115 |
||